Culture G #2 - Statistiques

Statistiques générales
  • Ce quiz a été pris 116 fois
  • Le résultat moyen est 11 sur 20
Statistiques - réponses
Hint Réponse % Correct
Quelle est la capitale du Canada Ottawa
97%
Quel est le seul pays qui commence par la lettre Y Le Yémen
92%
Quel est le peintre le plus connu à l'initiative du cubisme Pablo Picasso
85%
Dans quelle ville sont situé la majorité des institutions européenne Bruxelles
77%
Combien il y a t il de ligne de métro à Paris exactement 16
73%
Quelle fruit est la spécialité de la Nouvelle Zélande Le kiwi
71%
Sous quel autre nom en France connaît on la République de Myanmar La Birmanie
67%
Quel canal relie la mer Méditerranée à la mer Rouge Le canal de Suez
64%
Quel était le plus haute tour du monde en 1900 La Tour Eiffel
63%
L'expédition de quel explorateur est elle la première a avoir complété un tour du monde Ferdinand de Magellan
62%
Comment s'appelle le fils adoptif de César qui l'a finalement tué Brutus
60%
Quelle gymnaste américaine a gagné l'or aux JO de Paris 2024 Simone Biles
60%
Quel perchiste est l'actuel détenteur du record du monde de saut à la perche Armand Duplantis
52%
Quel région du Sahara est revendiqué par le Maroc Le Sahara occidental
48%
Grâce a quel phénomène physique les bateaux flottent-ils La poussée d'Archimède
40%
Grâce a quel indice peut on déterminer le niveau de développement d'un pays l'indice de développement humain
39%
Dans quel pays est situé le plus grand aéroport de monde Arabie Saoudite
27%
Quelle est la deuxième plus haute chaîne de montagne Cordillère des Andes
22%
De quel recueil de poème fait partie "demain dès l'aube" de Victor Hugo Les contemplations
21%
Dans quel recueil Honoré de Balzac cherche à "faire concurrence à l'état civil" La Comédie Humaine
7%
Aucun quiz correspondant
Distribution des résultats
% des personnes avec chaque résultat
Percentile par nombre de réponses
Votre historique - résultats
Vous n’avez pas pris ce quiz